[Event "Team Championship Russia (Blitz, Women)"]
[Site "Sochi"]
[Date "2018.10.10"]
[Round "10.1"]
[White "Pogonina, Natalija"]
[Black "Maltseva, Aleksandra"]
[Result "1-0"]
[BlackElo "1405"]
[WhiteElo "2328"]
[LiveChessVersion "1.4.8"]

1. d4 {[%clk 0:03:02]} c5 {[%clk 0:03:03]} 2. d5 {[%clk 0:03:02]} Nf6
{[%clk 0:03:04]} 3. c4 {[%clk 0:03:02]} d6 {[%clk 0:03:04]} 4. Nc3
{[%clk 0:03:02]} g6 {[%clk 0:03:04]} 5. e4 {[%clk 0:03:02]} Bg7 {[%clk 0:03:05]}
6. h3 {[%clk 0:02:56]} O-O {[%clk 0:03:04]} 7. Nf3 {[%clk 0:02:56]} e6
{[%clk 0:03:02]} 8. Bd3 {[%clk 0:02:49]} exd5 {[%clk 0:02:58]} 9. exd5
{[%clk 0:02:48]} Re8+ {[%clk 0:02:41]} 10. Be3 {[%clk 0:02:44]} Qa5
{[%clk 0:02:34]} 11. O-O {[%clk 0:02:42]} Nh5 {[%clk 0:02:28]} 12. Qd2
{[%clk 0:02:31]} Bf5 {[%clk 0:02:09]} 13. Bxf5 {[%clk 0:02:22]} gxf5
{[%clk 0:02:09]} 14. Nh4 {[%clk 0:02:08]} Bxc3 {[%clk 0:01:59]} 15. bxc3
{[%clk 0:02:06]} Ng7 {[%clk 0:01:47]} 16. Bh6 {[%clk 0:02:01]} Kh8
{[%clk 0:01:42]} 17. Bxg7+ {[%clk 0:01:54]} Kxg7 {[%clk 0:01:43]} 18. Qg5+
{[%clk 0:01:54]} Kh8 {[%clk 0:01:42]} 19. Qf6+ {[%clk 0:01:55]} Kg8
{[%clk 0:01:25]} 20. Nxf5 {[%clk 0:01:54]} Qxc3 {[%clk 0:00:48]} 21. Qxc3
{[%clk 0:01:53]} Re5 {[%clk 0:00:44]} 22. Qg3+ {[%clk 0:01:51]} Kf8
{[%clk 0:00:43]} 23. Qg7+ {[%clk 0:01:50]} Ke8 {[%clk 0:00:44]} 24. Nxd6+
{[%clk 0:01:49]} Kd7 {[%clk 0:00:42]} 25. Qxe5 {[%clk 0:01:48]} Na6
{[%clk 0:00:41]} 26. Nxf7 {[%clk 0:01:44]} Re8 {[%clk 0:00:41]} 27. Qd6+
{[%clk 0:01:43]} Kc8 {[%clk 0:00:39]} 28. Rfe1 {[%clk 0:01:41]} Rxe1+
{[%clk 0:00:32]} 29. Rxe1 {[%clk 0:01:41]} b6 {[%clk 0:00:24]} 30. Qc6+
{[%clk 0:01:36]} 1-0

[Event "Team Championship Russia (Blitz, Women)"]
[Site "Sochi"]
[Date "2018.10.10"]
[Round "10.2"]
[White "Sirotkina, Elizaveta"]
[Black "Girya, Olga"]
[Result "0-1"]
[BlackElo "2389"]
[WhiteElo "1195"]
[LiveChessVersion "1.4.8"]

1. e4 {[%clk 0:03:03]} c6 {[%clk 0:03:03]} 2. d4 {[%clk 0:03:03]} d5
{[%clk 0:03:05]} 3. exd5 {[%clk 0:03:04]} cxd5 {[%clk 0:03:06]} 4. Nf3
{[%clk 0:03:05]} Nc6 {[%clk 0:03:04]} 5. c3 {[%clk 0:03:05]} Nf6 {[%clk 0:02:57]}
6. Bg5 {[%clk 0:03:04]} Bg4 {[%clk 0:02:51]} 7. Nbd2 {[%clk 0:03:00]} e6
{[%clk 0:02:52]} 8. Bb5 {[%clk 0:02:59]} Rc8 {[%clk 0:02:25]} 9. O-O
{[%clk 0:02:51]} Be7 {[%clk 0:02:20]} 10. Rc1 {[%clk 0:02:43]} O-O
{[%clk 0:02:20]} 11. Qc2 {[%clk 0:02:30]} h6 {[%clk 0:02:19]} 12. Bxf6
{[%clk 0:02:19]} Bxf6 {[%clk 0:02:19]} 13. Bxc6 {[%clk 0:01:49]} Rxc6
{[%clk 0:02:05]} 14. Ne5 {[%clk 0:01:43]} Bxe5 {[%clk 0:02:05]} 15. dxe5
{[%clk 0:01:43]} Bf5 {[%clk 0:01:59]} 16. Qd1 {[%clk 0:01:42]} Qa5
{[%clk 0:01:42]} 17. a3 {[%clk 0:01:30]} Rb6 {[%clk 0:01:14]} 18. b4
{[%clk 0:01:15]} Qxa3 {[%clk 0:01:01]} 19. Qb3 {[%clk 0:01:14]} Qxb3
{[%clk 0:00:57]} 20. Nxb3 {[%clk 0:01:14]} Rc8 {[%clk 0:00:43]} 21. f4
{[%clk 0:00:55]} Rbc6 {[%clk 0:00:32]} 22. Nc5 {[%clk 0:00:28]} b6
{[%clk 0:00:30]} 23. Na4 {[%clk 0:00:28]} Bd3 {[%clk 0:00:27]} 24. Rf3
{[%clk 0:00:24]} Be4 {[%clk 0:00:27]} 25. Rff1 {[%clk 0:00:22]} Rc4
{[%clk 0:00:24]} 26. Rfe1 {[%clk 0:00:12]} Bf5 {[%clk 0:00:24]} 27. Re3
{[%clk 0:00:11]} Rxb4 {[%clk 0:00:23]} 28. Ra1 {[%clk 0:00:06]} Rxf4
{[%clk 0:00:21]} 29. Nb2 {[%clk 0:00:03]} a5 {[%clk 0:00:19]} 30. Nd1
{[%clk 0:00:04]} Rfc4 {[%clk 0:00:19]} 31. Ra3 {[%clk 0:00:04]} Bg4
{[%clk 0:00:18]} 32. Nb2 {[%clk 0:00:05]} R4c6 33. Nd1 {[%clk 0:00:05]} Bxd1
{[%clk 0:00:18]} 34. Re1 {[%clk 0:00:06]} Bg4 {[%clk 0:00:19]} 35. Rc1
{[%clk 0:00:06]} Bf5 {[%clk 0:00:19]} 36. Kf2 {[%clk 0:00:05]} Rc4
{[%clk 0:00:20]} 37. Kg1 {[%clk 0:00:06]} d4 {[%clk 0:00:21]} 38. Raa1
{[%clk 0:00:04]} dxc3 {[%clk 0:00:22]} 39. Ra2 {[%clk 0:00:04]} c2
{[%clk 0:00:23]} 0-1

[Event "Team Championship Russia (Blitz, Women)"]
[Site "Sochi"]
[Date "2018.10.10"]
[Round "10.3"]
[White "Guseva, Marina"]
[Black "Khusneeva, Alina"]
[Result "1-0"]
[BlackElo "1066"]
[WhiteElo "2292"]
[LiveChessVersion "1.4.8"]

1. d4 {[%clk 0:03:03]} Nf6 {[%clk 0:03:03]} 2. c4 {[%clk 0:03:04]} g6
{[%clk 0:03:03]} 3. Nf3 {[%clk 0:03:04]} Bg7 {[%clk 0:03:03]} 4. g3
{[%clk 0:03:05]} d6 {[%clk 0:03:03]} 5. Bg2 {[%clk 0:03:05]} O-O {[%clk 0:03:03]}
6. O-O {[%clk 0:03:05]} c5 {[%clk 0:03:02]} 7. Nc3 {[%clk 0:03:02]} e6
{[%clk 0:03:03]} 8. dxc5 {[%clk 0:02:52]} dxc5 {[%clk 0:03:02]} 9. Ne5
{[%clk 0:02:52]} a6 {[%clk 0:02:53]} 10. Nd3 {[%clk 0:02:52]} Nbd7
{[%clk 0:02:49]} 11. Bf4 {[%clk 0:02:51]} Kh8 {[%clk 0:02:45]} 12. Bd6
{[%clk 0:02:51]} Re8 {[%clk 0:02:43]} 13. Nxc5 {[%clk 0:02:51]} Nxc5
{[%clk 0:02:44]} 14. Bxc5 {[%clk 0:02:52]} Qc7 {[%clk 0:02:31]} 15. Qd6
{[%clk 0:02:52]} Qxd6 {[%clk 0:02:27]} 16. Bxd6 {[%clk 0:02:53]} Rd8
{[%clk 0:02:27]} 17. Rfd1 {[%clk 0:02:52]} Re8 {[%clk 0:02:13]} 18. Be5
{[%clk 0:02:52]} h5 {[%clk 0:02:01]} 19. Na4 {[%clk 0:02:53]} Nd7
{[%clk 0:01:52]} 20. Bxg7+ {[%clk 0:02:53]} Kxg7 {[%clk 0:01:52]} 21. Rd6
{[%clk 0:02:53]} Rb8 {[%clk 0:01:40]} 22. c5 {[%clk 0:02:49]} Ne5
{[%clk 0:01:23]} 23. Nb6 {[%clk 0:02:48]} Kg8 {[%clk 0:01:17]} 24. Rad1
{[%clk 0:02:48]} Nc6 {[%clk 0:01:03]} 25. Bxc6 {[%clk 0:02:42]} bxc6
{[%clk 0:01:03]} 26. Rxc6 {[%clk 0:02:43]} Bb7 {[%clk 0:00:58]} 27. Rc7
{[%clk 0:02:43]} Ba8 {[%clk 0:00:40]} 28. Rdd7 {[%clk 0:02:43]} a5
{[%clk 0:00:35]} 29. Rxf7 {[%clk 0:02:42]} a4 {[%clk 0:00:30]} 30. Rg7+
{[%clk 0:02:43]} Kh8 {[%clk 0:00:29]} 31. Rh7+ {[%clk 0:02:44]} Kg8
{[%clk 0:00:29]} 32. Rcg7+ {[%clk 0:02:45]} Kf8 {[%clk 0:00:30]} 33. Nd7#
{[%clk 0:02:46]} 1-0

[Event "Team Championship Russia (Blitz, Women)"]
[Site "Sochi"]
[Date "2018.10.10"]
[Round "10.4"]
[White "Sarvarova, Alisa"]
[Black "Kovanova, Baira"]
[Result "0-1"]
[BlackElo "2205"]
[WhiteElo "1342"]
[LiveChessVersion "1.4.8"]

1. e4 {[%clk 0:03:03]} d6 {[%clk 0:03:04]} 2. d4 {[%clk 0:03:02]} g6
{[%clk 0:03:05]} 3. Nf3 {[%clk 0:03:02]} Bg7 {[%clk 0:03:06]} 4. Nc3
{[%clk 0:03:02]} c6 {[%clk 0:03:07]} 5. Be3 {[%clk 0:03:02]} b5 {[%clk 0:03:07]}
6. Bd3 {[%clk 0:03:02]} Bb7 {[%clk 0:03:08]} 7. O-O {[%clk 0:03:02]} Nf6
{[%clk 0:03:06]} 8. Qd2 {[%clk 0:02:58]} O-O {[%clk 0:02:56]} 9. Bh6
{[%clk 0:02:58]} Nbd7 {[%clk 0:02:49]} 10. Bxg7 {[%clk 0:02:56]} Kxg7
{[%clk 0:02:49]} 11. e5 {[%clk 0:02:49]} Ng8 {[%clk 0:02:39]} 12. exd6
{[%clk 0:02:47]} exd6 {[%clk 0:02:40]} 13. Rfe1 {[%clk 0:02:48]} a6
{[%clk 0:02:31]} 14. Ne4 {[%clk 0:02:45]} Ndf6 {[%clk 0:02:28]} 15. Qf4
{[%clk 0:02:08]} Nxe4 {[%clk 0:02:15]} 16. Bxe4 {[%clk 0:02:08]} Nf6
{[%clk 0:02:10]} 17. Qh4 {[%clk 0:01:59]} h6 {[%clk 0:01:56]} 18. Rad1
{[%clk 0:01:49]} Re8 {[%clk 0:01:39]} 19. Bd3 {[%clk 0:01:46]} c5
{[%clk 0:01:33]} 20. c3 {[%clk 0:01:36]} Bxf3 {[%clk 0:01:31]} 21. gxf3
{[%clk 0:01:37]} c4 {[%clk 0:01:26]} 22. Be4 {[%clk 0:01:36]} d5 {[%clk 0:01:24]}
23. Bc2 {[%clk 0:01:35]} Qd6 {[%clk 0:01:23]} 24. Kh1 {[%clk 0:01:35]} Rxe1+
{[%clk 0:01:11]} 25. Rxe1 {[%clk 0:01:36]} Re8 {[%clk 0:01:11]} 26. Rg1
{[%clk 0:01:35]} Re2 {[%clk 0:01:08]} 27. Bb1 {[%clk 0:01:24]} Rxb2
{[%clk 0:01:08]} 28. Qh3 {[%clk 0:01:01]} b4 {[%clk 0:01:07]} 29. cxb4
{[%clk 0:01:01]} Qxb4 {[%clk 0:01:08]} 30. Qg3 {[%clk 0:00:53]} Rxb1
{[%clk 0:01:07]} 31. h4 {[%clk 0:00:48]} c3 {[%clk 0:01:03]} 32. f4
{[%clk 0:00:45]} c2 {[%clk 0:00:59]} 33. f5 {[%clk 0:00:45]} Rxg1+
{[%clk 0:00:58]} 34. Kxg1 {[%clk 0:00:45]} c1=Q+ {[%clk 0:00:55]} 35. Kg2
{[%clk 0:00:45]} Qxd4 {[%clk 0:00:53]} 36. fxg6 {[%clk 0:00:41]} Qe4+
{[%clk 0:00:52]} 37. Kh2 {[%clk 0:00:38]} Qch1# {[%clk 0:00:52]} 0-1

[Event "Team Championship Russia (Blitz, Women)"]
[Site "Sochi"]
[Date "2018.10.10"]
[Round "10.6"]
[White "Shendrik, Zhanna"]
[Black "Vasilevich, Tatjana"]
[Result "0-1"]
[BlackElo "2238"]
[WhiteElo "1938"]
[LiveChessVersion "1.4.8"]

1. d4 {[%clk 0:03:03]} Nf6 {[%clk 0:03:03]} 2. c4 {[%clk 0:03:05]} c5
{[%clk 0:03:04]} 3. d5 {[%clk 0:03:06]} b5 {[%clk 0:03:06]} 4. cxb5
{[%clk 0:03:07]} a6 {[%clk 0:03:07]} 5. bxa6 {[%clk 0:03:08]} d6 {[%clk 0:03:08]}
6. Nf3 {[%clk 0:02:54]} Bxa6 {[%clk 0:03:08]} 7. g3 {[%clk 0:02:50]} g6
{[%clk 0:03:09]} 8. Bg2 {[%clk 0:02:51]} Bg7 {[%clk 0:03:10]} 9. O-O
{[%clk 0:02:51]} O-O {[%clk 0:03:07]} 10. Re1 {[%clk 0:02:48]} Nfd7
{[%clk 0:03:04]} 11. Nc3 {[%clk 0:02:47]} Nb6 {[%clk 0:02:54]} 12. Rb1
{[%clk 0:02:28]} N8d7 {[%clk 0:02:47]} 13. Bg5 {[%clk 0:01:47]} h6
{[%clk 0:02:39]} 14. Bf4 {[%clk 0:01:48]} Kh7 {[%clk 0:02:09]} 15. e4
{[%clk 0:01:41]} Nc4 {[%clk 0:02:09]} 16. Qc2 {[%clk 0:01:30]} Qa5
{[%clk 0:02:01]} 17. Rbc1 {[%clk 0:01:15]} Rfb8 {[%clk 0:01:36]} 18. b3
{[%clk 0:01:12]} Nce5 {[%clk 0:01:23]} 19. Nxe5 {[%clk 0:01:11]} Nxe5
{[%clk 0:01:24]} 20. Bxe5 {[%clk 0:00:59]} Bxe5 {[%clk 0:01:25]} 21. Ne2
{[%clk 0:00:37]} Rc8 {[%clk 0:01:00]} 22. f4 {[%clk 0:00:34]} Bg7
{[%clk 0:01:00]} 23. Kh1 {[%clk 0:00:29]} c4 {[%clk 0:00:59]} 24. Qb1
{[%clk 0:00:21]} cxb3 {[%clk 0:00:48]} 25. axb3 {[%clk 0:00:19]} Qb4
{[%clk 0:00:41]} 26. Rxc8 {[%clk 0:00:13]} Rxc8 {[%clk 0:00:41]} 27. Ng1
{[%clk 0:00:12]} Rc3 {[%clk 0:00:37]} 28. Nf3 {[%clk 0:00:11]} Rxb3
{[%clk 0:00:36]} 29. Qc1 {[%clk 0:00:11]} Rb2 {[%clk 0:00:27]} 30. e5
{[%clk 0:00:09]} Bc4 {[%clk 0:00:22]} 31. Qd1 {[%clk 0:00:06]} Qb3
{[%clk 0:00:18]} 32. Qxb3 {[%clk 0:00:05]} Bxb3 {[%clk 0:00:19]} 33. Nd4
{[%clk 0:00:06]} dxe5 {[%clk 0:00:15]} 34. fxe5 {[%clk 0:00:07]} Bxe5
{[%clk 0:00:15]} 35. Nc6 {[%clk 0:00:07]} Bf6 {[%clk 0:00:14]} 36. h3
{[%clk 0:00:05]} Rd2 {[%clk 0:00:12]} 37. Nxe7 {[%clk 0:00:06]} Bxe7
{[%clk 0:00:09]} 38. Rxe7 {[%clk 0:00:07]} Kg7 {[%clk 0:00:08]} 39. Rd7
{[%clk 0:00:07]} Kf6 {[%clk 0:00:07]} 40. Rb7 {[%clk 0:00:04]} Bxd5
{[%clk 0:00:07]} 41. Bxd5 {[%clk 0:00:06]} Rxd5 {[%clk 0:00:08]} 42. Rb6+
{[%clk 0:00:07]} Kg5 {[%clk 0:00:08]} 43. Rb2 {[%clk 0:00:08]} h5
{[%clk 0:00:09]} 44. Kg2 {[%clk 0:00:09]} h4 {[%clk 0:00:09]} 45. g4
{[%clk 0:00:08]} Re5 {[%clk 0:00:08]} 46. Rf2 {[%clk 0:00:08]} f6
{[%clk 0:00:08]} 47. Rd2 {[%clk 0:00:08]} f5 {[%clk 0:00:09]} 48. gxf5
{[%clk 0:00:09]} gxf5 {[%clk 0:00:10]} 49. Rc2 {[%clk 0:00:11]} Kf4
{[%clk 0:00:09]} 50. Rf2+ {[%clk 0:00:11]} Kg5 {[%clk 0:00:09]} 51. Rd2
{[%clk 0:00:12]} Re3 {[%clk 0:00:09]} 52. Rf2 {[%clk 0:00:07]} Rg3+
{[%clk 0:00:09]} 53. Kh2 {[%clk 0:00:08]} f4 {[%clk 0:00:10]} 54. Rc2
{[%clk 0:00:08]} f3 {[%clk 0:00:10]} 55. Rf2 {[%clk 0:00:08]} Kf4
{[%clk 0:00:11]} 56. Ra2 {[%clk 0:00:08]} Rg8 {[%clk 0:00:07]} 57. Rb2
{[%clk 0:00:09]} Re8 {[%clk 0:00:08]} 58. Rf2 {[%clk 0:00:04]} Re2
{[%clk 0:00:08]} 59. Kg1 {[%clk 0:00:05]} Ke3 {[%clk 0:00:09]} 60. Rf1
{[%clk 0:00:05]} Rg2+ {[%clk 0:00:05]} 61. Kh1 {[%clk 0:00:07]} Rg3
{[%clk 0:00:04]} 62. Kh2 {[%clk 0:00:07]} f2 {[%clk 0:00:04]} 63. Rh1
{[%clk 0:00:05]} Ke2 {[%clk 0:00:04]} 64. Rf1 {[%clk 0:00:06]} Rxh3+
{[%clk 0:00:03]} 65. Kxh3 {[%clk 0:00:05]} Kxf1 {[%clk 0:00:04]} 0-1

[Event "Team Championship Russia (Blitz, Women)"]
[Site "Sochi"]
[Date "2018.10.10"]
[Round "10.7"]
[White "Tomilova, Elena"]
[Black "Zavivaeva, Emilia"]
[Result "1-0"]
[BlackElo "1550"]
[WhiteElo "2207"]
[LiveChessVersion "1.4.8"]

1. d4 {[%clk 0:03:03]} Nf6 {[%clk 0:03:03]} 2. Bg5 {[%clk 0:03:04]} e6
{[%clk 0:03:02]} 3. e4 {[%clk 0:03:05]} d5 {[%clk 0:03:02]} 4. e5
{[%clk 0:03:03]} h6 {[%clk 0:02:47]} 5. Be3 {[%clk 0:03:03]} Nfd7
{[%clk 0:02:47]} 6. f4 {[%clk 0:03:00]} a6 {[%clk 0:02:48]} 7. Nf3
{[%clk 0:03:00]} c5 {[%clk 0:02:48]} 8. c3 {[%clk 0:03:00]} Nc6 {[%clk 0:02:47]}
9. Nbd2 {[%clk 0:02:55]} Be7 {[%clk 0:02:34]} 10. Bd3 {[%clk 0:02:55]} cxd4
{[%clk 0:02:14]} 11. cxd4 {[%clk 0:02:55]} Nb6 {[%clk 0:02:08]} 12. O-O
{[%clk 0:02:47]} Bd7 {[%clk 0:02:01]} 13. Kh1 {[%clk 0:02:24]} O-O
{[%clk 0:01:35]} 14. a3 {[%clk 0:02:24]} Na5 {[%clk 0:01:33]} 15. b3
{[%clk 0:02:06]} Bb5 {[%clk 0:01:29]} 16. Qe2 {[%clk 0:02:00]} Bxd3
{[%clk 0:01:19]} 17. Qxd3 {[%clk 0:02:01]} Rc8 {[%clk 0:01:17]} 18. f5
{[%clk 0:02:01]} exf5 {[%clk 0:01:04]} 19. Qxf5 {[%clk 0:01:56]} Rc3
{[%clk 0:00:46]} 20. Rae1 {[%clk 0:01:53]} Nxb3 {[%clk 0:00:43]} 21. e6
{[%clk 0:01:44]} Qd6 {[%clk 0:00:12]} 22. exf7+ {[%clk 0:01:32]} Rxf7
{[%clk 0:00:15]} 23. Qg4 {[%clk 0:01:33]} Nxd2 {[%clk 0:00:13]} 24. Bxd2
{[%clk 0:01:31]} Rxa3 {[%clk 0:00:11]} 25. Re6 {[%clk 0:01:28]} Qd8
{[%clk 0:00:10]} 26. Bxh6 {[%clk 0:01:16]} Nc4 {[%clk 0:00:07]} 27. Rfe1
{[%clk 0:01:14]} Ra2 {[%clk 0:00:05]} 28. Ng5 {[%clk 0:01:09]} Rf8
{[%clk 0:00:00]} 1-0

[Event "Team Championship Russia (Blitz, Women)"]
[Site "Sochi"]
[Date "2018.10.10"]
[Round "10.8"]
[White "Zavivaeva, Evelina"]
[Black "Illina, Natalia"]
[Result "0-1"]
[BlackElo "1879"]
[WhiteElo "1328"]
[LiveChessVersion "1.4.8"]

1. e4 {[%clk 0:03:02]} c5 {[%clk 0:03:03]} 2. c3 {[%clk 0:03:03]} d5
{[%clk 0:03:04]} 3. exd5 {[%clk 0:03:04]} Qxd5 {[%clk 0:03:06]} 4. d4
{[%clk 0:03:05]} Nf6 {[%clk 0:03:07]} 5. Nf3 {[%clk 0:03:04]} e6 {[%clk 0:03:07]}
6. Be2 {[%clk 0:03:04]} Nc6 {[%clk 0:03:08]} 7. Bf4 {[%clk 0:02:57]} cxd4
{[%clk 0:02:28]} 8. cxd4 {[%clk 0:02:55]} Bb4+ {[%clk 0:02:22]} 9. Nc3
{[%clk 0:02:56]} O-O {[%clk 0:02:15]} 10. O-O {[%clk 0:02:57]} Qa5
{[%clk 0:02:12]} 11. Qc2 {[%clk 0:02:54]} Rd8 {[%clk 0:02:03]} 12. Rad1
{[%clk 0:02:24]} Bxc3 {[%clk 0:01:34]} 13. bxc3 {[%clk 0:02:22]} Ne7
{[%clk 0:01:26]} 14. Bd3 {[%clk 0:02:06]} Bd7 {[%clk 0:01:21]} 15. Ne5
{[%clk 0:01:21]} Ba4 {[%clk 0:01:21]} 16. Qd2 {[%clk 0:01:07]} Bxd1
{[%clk 0:01:21]} 17. Rxd1 Ned5 {[%clk 0:01:13]} 18. Rc1 {[%clk 0:01:03]} Nxf4
{[%clk 0:01:09]} 19. Qxf4 {[%clk 0:01:04]} Rac8 {[%clk 0:00:49]} 20. c4
{[%clk 0:00:44]} Qa3 {[%clk 0:00:44]} 21. Rc2 {[%clk 0:00:32]} Qb4
{[%clk 0:00:35]} 22. h3 {[%clk 0:00:31]} Qe1+ {[%clk 0:00:25]} 23. Kh2
{[%clk 0:00:30]} Qa1 {[%clk 0:00:25]} 24. Nf3 {[%clk 0:00:28]} b5
{[%clk 0:00:17]} 25. c5 {[%clk 0:00:26]} b4 {[%clk 0:00:10]} 26. Qd2
{[%clk 0:00:20]} b3 {[%clk 0:00:03]} 27. axb3 {[%clk 0:00:18]} Qa3
{[%clk 0:00:03]} 28. b4 {[%clk 0:00:14]} Qa4 {[%clk 0:00:04]} 29. Rb2
{[%clk 0:00:10]} Qd7 {[%clk 0:00:05]} 30. Qc3 {[%clk 0:00:11]} Qd5
{[%clk 0:00:06]} 31. Bc4 {[%clk 0:00:11]} Qe4 {[%clk 0:00:07]} 32. Qe3
{[%clk 0:00:10]} Qg6 {[%clk 0:00:07]} 33. Ne5 Qh5 {[%clk 0:00:05]} 34. Qf4
{[%clk 0:00:05]} h6 35. Rd2 {[%clk 0:00:05]} Qg5 {[%clk 0:00:04]} 36. Qxg5
{[%clk 0:00:06]} hxg5 {[%clk 0:00:06]} 37. Nf3 {[%clk 0:00:07]} Ne4
{[%clk 0:00:07]} 38. Re2 {[%clk 0:00:05]} Nc3 {[%clk 0:00:07]} 39. Rc2
{[%clk 0:00:05]} Nd5 {[%clk 0:00:08]} 40. Nxg5 {[%clk 0:00:05]} Nxb4
{[%clk 0:00:08]} 41. Rb2 {[%clk 0:00:06]} a5 {[%clk 0:00:08]} 42. Nf3
{[%clk 0:00:07]} Rd7 43. Bb5 Rb7 {[%clk 0:00:07]} 44. Bc4 {[%clk 0:00:05]} Rbc7
{[%clk 0:00:07]} 45. Rb1 {[%clk 0:00:03]} Rd8 {[%clk 0:00:07]} 46. Rd1
{[%clk 0:00:04]} Kf8 {[%clk 0:00:06]} 47. Ra1 {[%clk 0:00:04]} Ra8
{[%clk 0:00:07]} 48. Be2 {[%clk 0:00:04]} Ke7 49. Kg3 {[%clk 0:00:04]} Rd7
{[%clk 0:00:06]} 50. Bc4 {[%clk 0:00:03]} Nc2 {[%clk 0:00:07]} 51. Ra2
{[%clk 0:00:03]} Nxd4 {[%clk 0:00:07]} 52. Nxd4 Rxd4 {[%clk 0:00:08]} 53. Be2
{[%clk 0:00:03]} a4 {[%clk 0:00:08]} 54. Bf1 {[%clk 0:00:04]} Rd1
{[%clk 0:00:08]} 55. Be2 {[%clk 0:00:05]} Rc1 {[%clk 0:00:08]} 56. Bf3
{[%clk 0:00:03]} Ra7 {[%clk 0:00:09]} 57. c6 {[%clk 0:00:04]} Rc3
{[%clk 0:00:06]} 58. Kg4 {[%clk 0:00:04]} a3 {[%clk 0:00:06]} 59. h4
{[%clk 0:00:04]} Kd6 {[%clk 0:00:06]} 60. h5 {[%clk 0:00:04]} Ra4+
{[%clk 0:00:06]} 61. Kh3 {[%clk 0:00:04]} Rb3 {[%clk 0:00:05]} 62. g3
{[%clk 0:00:03]} Rb2 {[%clk 0:00:06]} 63. Ra1 {[%clk 0:00:04]} a2
{[%clk 0:00:06]} 64. Kg2 {[%clk 0:00:04]} Rb1 {[%clk 0:00:07]} 65. Rxa2
{[%clk 0:00:04]} Rxa2 {[%clk 0:00:08]} 66. Kh3 {[%clk 0:00:03]} Rxf2
{[%clk 0:00:08]} 67. Bg2 {[%clk 0:00:03]} Rxg2 {[%clk 0:00:09]} 68. Kxg2
{[%clk 0:00:04]} Kxc6 {[%clk 0:00:10]} 69. Kf3 {[%clk 0:00:06]} Kd5
{[%clk 0:00:11]} 70. g4 {[%clk 0:00:07]} e5 {[%clk 0:00:13]} 71. Kg3
{[%clk 0:00:09]} Ke4 {[%clk 0:00:14]} 72. Kf2 {[%clk 0:00:10]} Kf4
{[%clk 0:00:15]} 73. Ke2 {[%clk 0:00:12]} Rb3 {[%clk 0:00:16]} 74. Kf2
{[%clk 0:00:13]} Re3 {[%clk 0:00:17]} 75. Kg2 {[%clk 0:00:15]} Rf3
{[%clk 0:00:19]} 76. Kh2 {[%clk 0:00:16]} Rg3 {[%clk 0:00:20]} 77. h6
{[%clk 0:00:15]} gxh6 {[%clk 0:00:20]} 78. g5 {[%clk 0:00:17]} Rxg5
{[%clk 0:00:21]} 79. Kh3 {[%clk 0:00:18]} Rg4 {[%clk 0:00:22]} 80. Kh2
{[%clk 0:00:19]} e4 {[%clk 0:00:23]} 81. Kh3 {[%clk 0:00:21]} e3 82. Kh2 e2
{[%clk 0:00:25]} 83. Kh3 {[%clk 0:00:24]} Rg8 {[%clk 0:00:25]} 84. Kh2
{[%clk 0:00:25]} e1=Q {[%clk 0:00:24]} 85. Kh3 {[%clk 0:00:27]} Qg3#
{[%clk 0:00:24]} 0-1

[Event "Team Championship Russia (Blitz, Women)"]
[Site "Sochi"]
[Date "2018.10.10"]
[Round "10.9"]
[White "Ambartsumova, Karina"]
[Black "Samusenko, Ramziya"]
[Result "1-0"]
[BlackElo "2075"]
[WhiteElo "2319"]
[LiveChessVersion "1.4.8"]

1. d4 {[%clk 0:03:02]} d6 {[%clk 0:03:02]} 2. e4 {[%clk 0:03:03]} Nf6
{[%clk 0:03:02]} 3. Nc3 {[%clk 0:03:04]} c6 {[%clk 0:03:03]} 4. f3
{[%clk 0:02:58]} e5 {[%clk 0:03:02]} 5. Be3 {[%clk 0:02:58]} Be7 {[%clk 0:03:02]}
6. Bc4 {[%clk 0:02:52]} b5 {[%clk 0:02:55]} 7. Bb3 {[%clk 0:02:53]} a5
{[%clk 0:02:48]} 8. a3 {[%clk 0:02:43]} exd4 {[%clk 0:02:33]} 9. Bxd4
{[%clk 0:02:43]} a4 {[%clk 0:02:08]} 10. Ba2 {[%clk 0:02:43]} O-O
{[%clk 0:01:49]} 11. Nge2 {[%clk 0:02:38]} Na6 {[%clk 0:01:40]} 12. O-O
{[%clk 0:02:36]} Nc5 {[%clk 0:01:35]} 13. Qd2 {[%clk 0:02:24]} Be6
{[%clk 0:01:26]} 14. Bxe6 {[%clk 0:02:17]} fxe6 {[%clk 0:01:17]} 15. Rad1
{[%clk 0:02:06]} d5 {[%clk 0:01:15]} 16. Qe3 {[%clk 0:01:59]} Nfd7
{[%clk 0:01:06]} 17. exd5 {[%clk 0:01:31]} exd5 {[%clk 0:01:02]} 18. Kh1
{[%clk 0:01:27]} Kh8 {[%clk 0:01:00]} 19. Ng3 {[%clk 0:01:19]} Bd6
{[%clk 0:00:55]} 20. Qh6 {[%clk 0:00:56]} Be5 {[%clk 0:00:48]} 21. Qxc6
{[%clk 0:00:56]} Qh4 {[%clk 0:00:38]} 22. Bxe5 {[%clk 0:00:54]} Rac8
{[%clk 0:00:27]} 23. Qxd5 {[%clk 0:00:51]} Nxe5 {[%clk 0:00:19]} 24. Qxe5
{[%clk 0:00:51]} Rfe8 {[%clk 0:00:18]} 25. Qh5 {[%clk 0:00:49]} Qf6
{[%clk 0:00:15]} 26. Rfe1 {[%clk 0:00:47]} Rf8 {[%clk 0:00:14]} 27. Nce4
{[%clk 0:00:40]} Nxe4 {[%clk 0:00:13]} 28. Nxe4 {[%clk 0:00:41]} Qxb2
{[%clk 0:00:11]} 29. Ng5 {[%clk 0:00:41]} h6 {[%clk 0:00:09]} 30. Ne6
{[%clk 0:00:32]} Rfe8 {[%clk 0:00:05]} 31. Qg6 {[%clk 0:00:30]} Qf6
{[%clk 0:00:00]} 32. Qg4 1-0

[Event "Team Championship Russia (Blitz, Women)"]
[Site "Sochi"]
[Date "2018.10.10"]
[Round "10.10"]
[White "Goncharova, Natalia"]
[Black "Nebolsina, Vera"]
[Result "1/2-1/2"]
[BlackElo "2099"]
[WhiteElo "1730"]
[LiveChessVersion "1.4.8"]

1. e4 {[%clk 0:03:03]} e5 {[%clk 0:03:03]} 2. Nf3 {[%clk 0:03:04]} Nf6
{[%clk 0:03:04]} 3. Nc3 {[%clk 0:03:04]} Nc6 {[%clk 0:03:05]} 4. Bb5
{[%clk 0:03:05]} Bb4 {[%clk 0:03:05]} 5. d3 {[%clk 0:03:06]} d6 {[%clk 0:03:05]}
6. O-O {[%clk 0:03:06]} O-O {[%clk 0:03:04]} 7. h3 {[%clk 0:03:07]} h6
{[%clk 0:03:04]} 8. Be3 {[%clk 0:03:01]} Bxc3 {[%clk 0:02:45]} 9. bxc3
{[%clk 0:03:02]} Ne7 {[%clk 0:02:17]} 10. Nd2 {[%clk 0:02:56]} Ng6
{[%clk 0:02:13]} 11. f4 {[%clk 0:02:52]} Nxf4 {[%clk 0:02:07]} 12. Bxf4
{[%clk 0:02:52]} exf4 {[%clk 0:02:07]} 13. Rxf4 {[%clk 0:02:52]} Qe7
{[%clk 0:01:58]} 14. Qf3 {[%clk 0:02:51]} Be6 {[%clk 0:01:35]} 15. Ba4
{[%clk 0:02:44]} Nd7 {[%clk 0:01:29]} 16. Bb3 {[%clk 0:02:36]} a5
{[%clk 0:01:25]} 17. Rf1 {[%clk 0:02:27]} a4 {[%clk 0:01:19]} 18. Bxe6
{[%clk 0:02:26]} fxe6 19. Qg4 {[%clk 0:02:20]} Rxf4 {[%clk 0:01:06]} 20. Rxf4
{[%clk 0:02:20]} Rf8 {[%clk 0:00:58]} 21. Rxf8+ {[%clk 0:02:17]} Nxf8
{[%clk 0:00:59]} 22. Nf3 {[%clk 0:02:18]} Qf6 {[%clk 0:00:56]} 23. Nd4
{[%clk 0:02:17]} c6 {[%clk 0:00:43]} 24. h4 {[%clk 0:02:06]} Qe5 {[%clk 0:00:41]}
25. Ne2 {[%clk 0:02:02]} Qc5+ {[%clk 0:00:36]} 26. d4 {[%clk 0:02:00]} Qb6
{[%clk 0:00:33]} 27. Nf4 {[%clk 0:01:53]} Qb1+ {[%clk 0:00:28]} 28. Kh2
{[%clk 0:01:54]} Qf1 {[%clk 0:00:16]} 29. Nxe6 {[%clk 0:01:51]} Nxe6
{[%clk 0:00:13]} 30. Qxe6+ {[%clk 0:01:52]} Kh8 {[%clk 0:00:14]} 31. Qxd6
{[%clk 0:01:51]} Qe2 {[%clk 0:00:12]} 32. e5 {[%clk 0:01:49]} Qe4
{[%clk 0:00:09]} 33. e6 {[%clk 0:01:49]} Qxh4+ {[%clk 0:00:09]} 34. Kg1
{[%clk 0:01:47]} Qe1+ {[%clk 0:00:10]} 1/2-1/2